000 00584nam a2200193Ia 4500
999 _c9027
_d9027
003 OSt
005 20201008094200.0
008 190216s9999||||xx |||||||||||||| ||und||
020 _a9780070634145
040 _coclc
082 _a004.6
_bFOR/D
100 _aForouzan, Behrouz A
_95422
245 0 _aData Communications And Networking /
_cBehrouz A Forouzan
250 _a4th Ed.
260 _bTata Mcgraw-Hill Education Private Limited,
_c2010.
_aNew Delhi:
300 _a1134p
650 _aComputer Science
942 _cBK
_2ddc
_h004.6
_iFOR/D
_k004.6
_mFOR/D